[Event "Pan American-ch Hybrid U14 31st"]
[Site "Tornelo INT"]
[Date "2021.09.04"]
[Round "9"]
[White "Gillette, James"]
[Black "Claro, Rafael Cabral"]
[Result "0-1"]
[WhiteElo "1039"]
[BlackElo "1024"]
[PlyCount "46"]
[EventDate "2021.09.04"]
[EventType "swiss"]
[EventRounds "9"]
[EventCountry "NET"]
[SourceTitle "EXT 2023"]
[Source "ChessBase"]
[SourceDate "2022.10.05"]
[SourceVersion "1"]
[SourceVersionDate "2022.10.05"]
[SourceQuality "1"]

1. e4 e6 2. d4 d5 3. exd5 exd5 4. c4 c6 5. Nc3 Nf6 6. Bd3 Bd6 7. Nge2 0-0 8. 0-0 Qc7 9. Bf4 Bxf4 10. Nxf4 Qxf4 11. h3 Be6 12. Re1 Nbd7 13. Ne2 Qg5 14. cxd5 Bxd5 15. Ng3 Rfe8 16. Rf1 h5 17. Kh1 h4 18. Rg1 hxg3 19. Qf1 Qh4 20. f3 g5 21. Bf5 Qh5 22. Qd3 g4 23. f4 Qxh3# 0-1

[Event "Sao Jose dos Campos IRT op"]
[Site "Sao Jose dos Campos"]
[Date "2020.12.19"]
[Round "3"]
[White "De Sousa E Silva, Luis Gonzaga"]
[Black "Claro, Rafael Cabral"]
[Result "1-0"]
[WhiteElo "1269"]
[BlackElo "1070"]
[PlyCount "85"]
[EventDate "2020.12.18"]
[EventType "swiss"]
[EventRounds "5"]
[EventCountry "BRA"]
[SourceTitle "EXT 2022"]
[Source "ChessBase"]
[SourceDate "2021.10.06"]
[SourceVersion "1"]
[SourceVersionDate "2021.10.06"]
[SourceQuality "1"]

1. Nf3 e6 2. g3 d5 3. Bg2 Nf6 4. d3 Nc6 5. Nbd2 Bd6 6. 0-0 Nd7 7. e4 dxe4 8. Nxe4 f5 9. Nxd6+ cxd6 10. Re1 e5 11. c3 h6 12. Qb3 g5 13. Qe6+ Ne7 14. Qxd6 g4 15. Nxe5 Nxe5 16. Qxd8+ Kxd8 17. Rxe5 h5 18. Bf4 h4 19. Rae1 Ng6 20. Rd5+ Bd7 21. Bg5+ Kc7 22. gxh4 Bc6 23. Rxf5 Bxg2 24. Kxg2 Rh5 25. Kg3 Nxh4 26. Bf4+ Kd7 27. Rxh5 Ng6 28. Rh7+ Kd8 29. Bg5+ Ne7 30. Bxe7+ Kd7 31. Bf6+ Kd6 32. Rh8 Rxh8 33. Bxh8 Kd7 34. Kf4 Kd8 35. Kf5 Kd7 36. Re6 Kc7 37. Be5+ Kd7 38. Kf6 Kd8 39. Re7 Kc8 40. Ke6 b6 41. Kd6 Kb8 42. Kc6+ Ka8 43. Re8# 1-0

[Event "Taubate op"]
[Site "Taubate"]
[Date "2020.11.02"]
[Round "5"]
[White "Pavao, Alice Lara Biasi"]
[Black "Claro, Rafael Cabral"]
[Result "0-1"]
[WhiteElo "1030"]
[BlackElo "1061"]
[PlyCount "72"]
[EventDate "2020.10.31"]
[EventType "swiss"]
[EventRounds "6"]
[EventCountry "BRA"]
[SourceTitle "CBM 199 Extra"]
[Source "ChessBase"]
[SourceDate "2021.01.31"]
[SourceVersion "1"]
[SourceVersionDate "2021.01.31"]
[SourceQuality "1"]

1. d4 e6 2. c4 d5 3. Nc3 Nf6 4. Nf3 c5 5. Bf4 Nc6 6. e3 cxd4 7. Nxd4 Nxd4 8. exd4 dxc4 9. Bxc4 Bd6 10. Be3 0-0 11. 0-0 Qc7 12. g3 Qxc4 13. Rc1 b6 14. b3 Qc6 15. Qd3 Bb7 16. f3 Ng4 17. Qe2 Nxe3 18. Qxe3 Qd7 19. Ne4 Rac8 20. Qd3 Bxe4 21. Qxe4 Rxc1 22. Rxc1 Rc8 23. Rd1 Rc6 24. d5 exd5 25. Qxd5 h6 26. a4 Qc7 27. Rd4 Bc5 28. Kg2 Bxd4 29. Qxd4 Qd6 30. Qe4 Qd2+ 31. Kh3 Re6 32. Qa8+ Kh7 33. Qxa7 Qg5 34. Qc7 Qh5+ 35. Kg2 Re2+ 36. Kg1 Qxh2+ 0-1

[Event "Taubate op"]
[Site "Taubate"]
[Date "2020.10.31"]
[Round "2"]
[White "Haraguchi, Matheus Sashaki"]
[Black "Claro, Rafael Cabral"]
[Result "1-0"]
[WhiteElo "1652"]
[BlackElo "1061"]
[PlyCount "67"]
[EventDate "2020.10.31"]
[EventType "swiss"]
[EventRounds "6"]
[EventCountry "BRA"]
[SourceTitle "CBM 199 Extra"]
[Source "ChessBase"]
[SourceDate "2021.01.31"]
[SourceVersion "1"]
[SourceVersionDate "2021.01.31"]
[SourceQuality "1"]

1. c4 e5 2. Nc3 Nc6 3. g3 g6 4. Bg2 Bg7 5. e4 d6 6. Nge2 Nf6 7. 0-0 0-0 8. h3 Be6 9. d3 Qd7 10. Kh2 Nb4 11. a3 Na6 12. b4 b6 13. f4 c5 14. Rb1 Nb8 15. f5 gxf5 16. exf5 Bxf5 17. Bxa8 Bxh3 18. Bg2 Bxg2 19. Kxg2 Qe6 20. Ng1 Nc6 21. Bg5 Nd4 22. Bxf6 Bxf6 23. Nd5 Bg7 24. Nf3 Nf5 25. Ng5 Qd7 26. Rxf5 Re8 27. Rxf7 Qd8 28. Qg4 Qc8 29. Qxc8 Rxc8 30. Ne7+ Kh8 31. Rh1 h6 32. Ne6 Re8 33. Ng6+ Kg8 34. Rxg7# 1-0

[Event "Sao Paulo Montenegro U1600 3rd"]
[Site "Sao Paulo"]
[Date "2020.01.26"]
[Round "9"]
[White "Claro, Rafael Cabral"]
[Black "Pereira, Fabio Costa Maglion"]
[Result "0-1"]
[WhiteElo "1675"]
[BlackElo "1246"]
[PlyCount "108"]
[EventDate "2020.01.25"]
[EventType "tourn"]
[EventRounds "9"]
[EventCountry "BRA"]
[SourceTitle "CBM 194 Extra"]
[Source "ChessBase"]
[SourceDate "2020.03.31"]
[SourceVersion "1"]
[SourceVersionDate "2020.03.31"]
[SourceQuality "1"]

1. e4 c5 2. d4 cxd4 3. c3 d6 4. cxd4 Nf6 5. Bc4 Nxe4 6. Nc3 Nxc3 7. bxc3 g6 8. Nf3 Bg7 9. 0-0 0-0 10. Be3 Nd7 11. Qc1 b6 12. Bh6 Bb7 13. Be2 Qc7 14. Bxg7 Kxg7 15. c4 e6 16. Rd1 Rac8 17. Qb2 Bxf3 18. d5+ e5 19. Bxf3 Qxc4 20. Rac1 Qa6 21. Be2 Qb7 22. Qa3 Rc5 23. Rxc5 dxc5 24. Ba6 Qc7 25. d6 Qb8 26. Qa4 Nf6 27. d7 Rd8 28. Qh4 Qc7 29. Bb5 a6 30. Bxa6 Rxd7 31. Rxd7 Qxd7 32. h3 Qd4 33. Qg3 Ne4 34. Qf3 Ng5 35. Qg3 f6 36. Qb3 Qb4 37. Qd1 Qa5 38. Bc4 Ne4 39. Qd3 Qe1+ 40. Kh2 Nxf2 41. Qd7+ Kh6 42. Qe8 Ne4 43. Qf8+ Kg5 44. h4+ Qxh4+ 45. Kg1 Ng3 46. Bd3 Qd4+ 47. Kh2 Qxd3 48. Qc8 Qf5 49. Qa6 Qf1 50. Qxb6 Kg4 51. Qe6+ f5 52. Qc4+ Qxc4 53. Kg1 Qf1+ 54. Kh2 Qh1# 0-1

[Event "Sao Paulo Montenegro U1600 3rd"]
[Site "Sao Paulo"]
[Date "2020.01.25"]
[Round "5"]
[White "Claro, Rafael Cabral"]
[Black "Takano Ito, Raphael Kenzo"]
[Result "1/2-1/2"]
[WhiteElo "1675"]
[BlackElo "1160"]
[PlyCount "140"]
[EventDate "2020.01.25"]
[EventType "tourn"]
[EventRounds "9"]
[EventCountry "BRA"]
[SourceTitle "CBM 194 Extra"]
[Source "ChessBase"]
[SourceDate "2020.03.31"]
[SourceVersion "1"]
[SourceVersionDate "2020.03.31"]
[SourceQuality "1"]

1. e4 c6 2. d4 d5 3. exd5 cxd5 4. Nf3 Nf6 5. Bd3 Bg4 6. 0-0 Nc6 7. Bf4 Bxf3 8. Qxf3 Nxd4 9. Qe3 Nc6 10. Nd2 e6 11. Nf3 Bd6 12. c4 dxc4 13. Bxc4 0-0 14. Rad1 Bxf4 15. Qxf4 Qe7 16. Ne5 Nxe5 17. Qxe5 Qb4 18. Be2 Rad8 19. Qc3 Qxc3 20. bxc3 Ne4 21. Rxd8 Rxd8 22. c4 Nc3 23. Bf3 b6 24. a3 b5 25. cxb5 Nxb5 26. a4 Nc3 27. a5 Rd6 28. h3 Ra6 29. Rc1 Rxa5 30. Rxc3 h6 31. Rc8+ Kh7 32. Rc7 Ra1+ 33. Kh2 a6 34. Rxf7 a5 35. Re7 a4 36. Rxe6 a3 37. Ra6 Kg8 38. Ra8+ Kf7 39. Bd5+ Kf6 40. Ra6+ Ke5 41. Bb3 Kd4 42. Kg3 Kc3 43. Bf7 Kb4 44. Kf4 Kb5 45. Ra8 Kb6 46. Kf5 Kb7 47. Ra4 Kb6 48. Kg6 Kb5 49. Be8+ Kb6 50. Kxg7 h5 51. Kg6 Re1 52. Rxa3 Rxe8 53. Re3 Rg8+ 54. Kxh5 Rxg2 55. f4 Rf2 56. Kg4 Rg2+ 57. Rg3 Rd2 58. f5 Rd8 59. Rf3 Rg8+ 60. Kf4 Kc6 61. f6 Kd6 62. Rg3 Rf8 63. h4 Rxf6+ 64. Kg4 Rg6+ 65. Kh3 Rxg3+ 66. Kxg3 Ke6 67. Kg4 Kf6 68. Kh5 Kf5 69. Kh6 Kf6 70. h5 Kf7 1/2-1/2

[Event "Sao Paulo Montenegro U1600 3rd"]
[Site "Sao Paulo"]
[Date "2020.01.25"]
[Round "1"]
[White "Rodolpho Filho, Joao"]
[Black "Claro, Rafael Cabral"]
[Result "1-0"]
[WhiteElo "1392"]
[BlackElo "1675"]
[PlyCount "69"]
[EventDate "2020.01.25"]
[EventType "tourn"]
[EventRounds "9"]
[EventCountry "BRA"]
[SourceTitle "CBM 194 Extra"]
[Source "ChessBase"]
[SourceDate "2020.03.31"]
[SourceVersion "1"]
[SourceVersionDate "2020.03.31"]
[SourceQuality "1"]

1. d4 Nf6 2. c4 e5 3. dxe5 Ng4 4. Nf3 Bc5 5. e3 Nc6 6. b3 Ngxe5 7. Bb2 Bb4+ 8. Nc3 0-0 9. a3 Be7 10. Be2 d6 11. Nd5 Bd7 12. 0-0 Nxf3+ 13. Bxf3 Ne5 14. Bxe5 dxe5 15. Nxe7+ Qxe7 16. Qc2 Qf6 17. Bxb7 Bf5 18. Be4 Bxe4 19. Qxe4 Rab8 20. b4 Rb6 21. c5 Rc6 22. Rfd1 Re6 23. Rd7 Rc8 24. Rad1 a6 25. Qb7 Rf8 26. Qxc7 Ree8 27. e4 Qh4 28. Qb7 h6 29. Rc7 Qh5 30. f3 Qg5 31. Qxa6 Ra8 32. Qd3 Rad8 33. Rd7 f6 34. Rxd8 Rxd8 35. Qxd8+ 1-0

[Event "Jacarei op 2nd"]
[Site "Jacarei"]
[Date "2019.07.27"]
[Round "4"]
[White "Salles, Henrique"]
[Black "Claro, Rafael Cabral"]
[Result "1-0"]
[WhiteElo "1167"]
[BlackElo "1057"]
[PlyCount "55"]
[EventDate "2019.07.26"]
[EventType "swiss"]
[EventRounds "6"]
[EventCountry "BRA"]
[SourceTitle "CBM 191 Extra"]
[Source "ChessBase"]
[SourceDate "2019.09.30"]
[SourceVersion "1"]
[SourceVersionDate "2019.09.30"]
[SourceQuality "1"]

1. d4 e6 2. c4 Nf6 3. Nc3 Bb4 4. Bf4 Ne4 5. Qd3 d5 6. a3 Bxc3+ 7. bxc3 0-0 8. Nf3 Nc6 9. e3 b6 10. Qc2 g6 11. Bd3 Nf6 12. h3 Ba6 13. Bg5 Re8 14. Qa4 Bb7 15. cxd5 exd5 16. Bb5 Re6 17. Ne5 Nxe5 18. dxe5 Rxe5 19. Qc2 Rxg5 20. Qe2 a6 21. Bd3 Ne4 22. Bxe4 dxe4 23. 0-0 c5 24. Rfd1 Rd5 25. c4 Rxd1+ 26. Rxd1 Qe7 27. Qb2 Qf6 28. Qxf6 1-0

[Event "Benedicto Montenegro U1600 2nd"]
[Site "Taubate/Sao Paulo"]
[Date "2019.05.04"]
[Round "2"]
[White "Claro, Rafael Cabral"]
[Black "Fernandes, Beatriz"]
[Result "1/2-1/2"]
[WhiteElo "1800"]
[BlackElo "1800"]
[PlyCount "112"]
[EventDate "2019.05.04"]
[EventType "tourn"]
[EventRounds "9"]
[EventCountry "BRA"]
[SourceTitle "CBM 195 Extra"]
[Source "ChessBase"]
[SourceDate "2020.05.31"]
[SourceVersion "1"]
[SourceVersionDate "2020.05.31"]
[SourceQuality "1"]

1. e4 d6 2. d4 Nf6 3. Nc3 g6 4. Nf3 Bg7 5. Bd3 0-0 6. 0-0 c6 7. Bf4 b5 8. Qd2 Nbd7 9. e5 Ne8 10. Bh6 b4 11. Ne2 c5 12. exd6 exd6 13. dxc5 dxc5 14. c3 Rb8 15. Bxg7 Kxg7 16. cxb4 cxb4 17. Ned4 Nc5 18. Nc6 Ne4 19. Nxd8 Nxd2 20. Nxd2 Bf5 21. Bxf5 Rxd8 22. Be4 Rxd2 23. Rab1 Nd6 24. Bf3 Nc4 25. b3 Ne5 26. Be4 Nd3 27. Bxd3 Rxd3 28. Rbd1 Rfd8 29. Rxd3 Rxd3 30. h3 Rd2 31. Ra1 f5 32. g3 g5 33. g4 Kg6 34. Kg2 f4 35. a4 a5 36. Rc1 Kf6 37. Rc6+ Ke5 38. Rc5+ Rd5 39. Rc7 h6 40. Rh7 Rd6 41. Kf3 Rd3+ 42. Ke2 Rxb3 43. Re7+ Kd6 44. Ra7 Ra3 45. Rxa5 b3 46. Rb5 Ra2+ 47. Kd1 b2 48. Kc2 b1Q+ 49. Kxb1 Rxa4 50. Rb6+ Kc5 51. Rxh6 Rb4+ 52. Kc2 Rc4+ 53. Kd3 Rd4+ 54. Kc3 Rc4+ 55. Kd3 Rd4+ 56. Kc3 Rc4+ 1/2-1/2

[Event "Benedicto Montenegro U1600 2nd"]
[Site "Taubate/Sao Paulo"]
[Date "2019.05.04"]
[Round "4"]
[White "Claro, Rafael Cabral"]
[Black "Prazeres Moreira, Rita de Cassia"]
[Result "0-1"]
[WhiteElo "1800"]
[BlackElo "1403"]
[PlyCount "92"]
[EventDate "2019.05.04"]
[EventType "tourn"]
[EventRounds "9"]
[EventCountry "BRA"]
[SourceTitle "CBM 195 Extra"]
[Source "ChessBase"]
[SourceDate "2020.05.31"]
[SourceVersion "1"]
[SourceVersionDate "2020.05.31"]
[SourceQuality "1"]

1. e4 c5 2. Nc3 g6 3. Bc4 Bg7 4. d3 a6 5. a3 b5 6. Ba2 Bb7 7. b4 Bxc3+ 8. Bd2 Bxd2+ 9. Qxd2 d5 10. e5 e6 11. Nf3 Ne7 12. Qf4 h6 13. Qd2 Nf5 14. c4 dxc4 15. dxc4 Qxd2+ 16. Nxd2 Bxg2 17. Rg1 Bc6 18. cxb5 axb5 19. bxc5 Rxa3 20. Nb1 Rh3 21. Nd2 Rxh2 22. f4 Rh1 23. Rxh1 Bxh1 24. 0-0-0 Bc6 25. Nb3 Ke7 26. Na5 Rd8 27. Rh1 h5 28. Nxc6+ Nxc6 29. Bb3 Ncd4 30. Kb2 Rc8 31. Ra1 Nxb3 32. Ra7+ Kf8 33. Kxb3 Rxc5 34. Kb4 Rc1 35. Kxb5 h4 36. Ra3 Ng3 37. Rd3 h3 38. Rd2 Nf1 39. Rf2 h2 40. Rxf1 Rxf1 41. Kc4 h1Q 42. Kd4 Qd5+ 43. Kc3 Rc1+ 44. Kb2 Rc8 45. Kb1 Qb7+ 46. Ka1 Ra8# 0-1

[Event "Benedicto Montenegro U1600 2nd"]
[Site "Taubate/Sao Paulo"]
[Date "2019.05.04"]
[Round "5"]
[White "De Moraes, Marina Porto"]
[Black "Claro, Rafael Cabral"]
[Result "0-1"]
[WhiteElo "1800"]
[BlackElo "1800"]
[PlyCount "139"]
[EventDate "2019.05.04"]
[EventType "tourn"]
[EventRounds "9"]
[EventCountry "BRA"]
[SourceTitle "CBM 195 Extra"]
[Source "ChessBase"]
[SourceDate "2020.05.31"]
[SourceVersion "1"]
[SourceVersionDate "2020.05.31"]
[SourceQuality "1"]

1. e4 e6 2. Nf3 d5 3. exd5 exd5 4. Be2 Bd6 5. d4 Nf6 6. Nc3 0-0 7. 0-0 Bf5 8. Be3 c6 9. Qd2 Qc7 10. Nd1 Ng4 11. h3 Nxe3 12. Nxe3 Be4 13. b3 Nd7 14. c4 dxc4 15. Nxc4 Be7 16. Rae1 a5 17. Bd1 Bb4 18. Qe3 Bxe1 19. Rxe1 Bxf3 20. Qxf3 b5 21. Ne5 Nxe5 22. dxe5 Rfe8 23. Qc3 a4 24. Re3 axb3 25. Bxb3 c5 26. Qb2 c4 27. Bc2 Ra7 28. Kf1 Rea8 29. Qxb5 Rb8 30. Qd5 Rxa2 31. Qe4 g6 32. Rc3 Ra1+ 33. Ke2 Qa5 34. Re3 Re1+ 35. Kf3 Rxe3+ 36. Qxe3 Re8 37. Kf4 g5+ 38. Kf5 Qd8 39. Bd1 Qxd1 40. Qxg5+ Kf8 41. Qh6+ Ke7 42. Qf6+ Kd7 43. Qxf7+ Re7 44. e6+ Kd6 45. Qf8 Qh5+ 46. Kf4 Qe5+ 47. Kf3 Qd5+ 48. Kg3 Qxe6 49. Qb8+ Rc7 50. Qb4+ Kd7 51. Qb5+ Qc6 52. Qf5+ Qe6 53. Qb5+ Rc6 54. Qb7+ Kd6 55. Qb4+ Rc5 56. Qb6+ Kd5 57. Qb7+ Qc6 58. Qf7+ Kd4 59. Qf4+ Kc3 60. Qe3+ Kb4 61. Qe1+ c3 62. Qb1+ Kc4 63. Qa2+ Kd3 64. Qb1+ c2 65. Qb3+ Rc3 66. Qb2 c1Q 67. Qxc1 Rxc1 68. Kh2 Qd6+ 69. g3 Rc2 70. Kg2 0-1